A pair of ghostly hands and other stoties Stage 3 (1000 Headwords)

Spremljeno u:
Bibliografski detalji
Daljnji autori: Mowat, Diane (retold)
Format: Knjiga
Izdano: Oxford Oxford Univ. Press 2000
Serija:Oxford Bookworms Library
Teme:
Oznake: Dodaj oznaku
Bez oznaka, Budi prvi tko označuje ovaj zapis!
Thư viện lưu trữ: Trung tâm Học liệu Lê Vũ Hùng, Trường Đại học Đồng Tháp
LEADER 00811pam a22002658a 4500
001 00027590
005 20171026081022.0
008 111205s2000 ||||||Engsd
020 # # |a 019423018X 
041 0 # |a Eng 
082 1 4 |a 823  |b P103O 
245 1 2 |c Diane Mowat retold  |a A pair of ghostly hands and other stoties  |b Stage 3 (1000 Headwords) 
260 # # |a Oxford  |b Oxford Univ. Press  |c 2000 
300 # # |a 72p.  |b ill.  |c 20cm. 
490 # # |a Oxford Bookworms Library 
650 # 4 |a Văn học Anh  |x Truyện ngắn 
653 # # |a Văn học Anh hiện đại 
700 1 # |a Mowat, Diane  |e retold 
852 # # |b Kho đọc  |j KD.0012085 
852 # # |j KD.0012085 
910 0 # |d 05/12/2011 
980 # # |a Trung tâm Học liệu Lê Vũ Hùng, Trường Đại học Đồng Tháp